El parasubidas / (Record no. 128156)

MARC details
000 -CABECERA
campo de control de longitud fija 00762nam a2200253 u 4500
005 - FECHA Y HORA DE LA ÚLTIMA TRANSACCIÓN
campo de control 20240831063713.0
008 - ELEMENTOS DE LONGITUD FIJA--INFORMACIÓN GENERAL
campo de control de longitud fija 080520s2007 r 000 0 eng d
020 ## - NÚMERO INTERNACIONAL NORMALIZADO PARA LIBROS
Número Internacional Estándar del Libro 9788421696590
035 ## - NÚMERO DE CONTROL DEL SISTEMA
Número de control de sistema UPN01000156042
049 ## - COLECCIÓN
Colección I
050 #4 - SIGNATURA TOPOGRÁFICA DE LA BIBLIOTECA DEL CONGRESO
Número de clasificación PZ75
Número de documento/Ítem L5.6 2007
100 1# - ASIENTO PRINCIPAL--NOMBRE PERSONAL
Nombre de persona López Narváez, Concha,
Fechas asociadas al nombre 1939-
9 (RLIN) 30990
245 13 - MENCIÓN DE TÍTULO
Título El parasubidas /
Mención de responsabilidad, etc. Concha López Narváez y Carmelo Salmerón.
250 ## - MENCIÓN DE EDICIÓN
Mención de edición 15a ed.
260 ## - PUBLICACIÓN, DISTRIBUCIÓN, ETC.
Lugar de publicación, distribución, etc. Madrid :
Nombre del editor, distribuidor, etc. Bruño,
Fecha de publicación, distribución, etc. 2007.
300 ## - DESCRIPCIÓN FÍSICA
Extensión 81 p. :
Otras características físicas il. col.
440 #0 - MENCIÓN DE SERIE/ASIENTO SECUNDARIO--TÍTULO
Título Alta mar.
Nombre de parte o sección de la obra Aventuras ;
Designación de volumen o secuencia 62
500 ## - NOTA GENERAL
Nota general "A partir de 6 años"
650 #4 - ASIENTO SECUNDARIO DE MATERIA - TERMINO TEMATICO
Término de materia o nombre geográfico como elemento de entrada Literatura infantil española
9 (RLIN) 5892
650 #4 - ASIENTO SECUNDARIO DE MATERIA - TERMINO TEMATICO
Término de materia o nombre geográfico como elemento de entrada Cuentos infantiles españoles
9 (RLIN) 7725
700 1# - ASIENTO SECUNDARIO--NOMBRE DE PERSONAL
Nombre de persona Salmerón, Carmelo,
Término indicativo de función/relación coaut.
905 ## - TIPO DE MATERIAL
Tipo de material Infantil
Holdings
Estado de retiro Estado de pérdida Fuente del sistema de clasificación o colocación Estado dañado No para préstamo Código de colección Localización permanente Ubicación/localización actual Ubicación en estantería Fecha de adquisición Clasificación Código de barras Fecha visto por última vez Número de copia Tipo de ítem Koha
    Library of Congress Classification     Infantil Bib. Gregorio Torres Quintero Bib. Gregorio Torres Quintero Sala infantil Planta baja 10/05/2023 PZ75 L5.6 2007 259027 31/12/2020 1 Libro